00333nam a2200121Ia 4500008004100000041000800041082001600049100001900065245004500084260003800129300003300167365001100200240624s9999 xx 000 0 und d aeng a658.155 KOL aKOLLER GLENN R aMODERN CORPORATE RISK MANAGEMENT A BLUEP c2014aNew DelhibCengage Learning axxiii, : 272 : p. : cm. ; 22 cRSb31